AFL Who Played for Those Clubs - Statistics

General Stats
  • This quiz has been taken 373 times
  • The average score is 6 of 15
Answer Stats
Clubs Player % Correct
West Coast(134), Carlton(145) Chris Judd
77%
St Kilda(183), Sydney(98) Tony Lockett
74%
Brisbane Bears(20), Collingwood(260) Nathan Buckley
66%
North Melbourne(244), Adelaide(28) Wayne Carey
65%
Hawthorn(6), Geelong(242) Gary Ablett Snr
60%
Brisbane Bears(79), Brisbane Lions(210) Michael Voss
53%
Hawthorn(189), Sydney(7), Collingwood(15) Dermott Brereton
41%
Essendon(127), Port Adelaide(173) Gavin Wanganeen
41%
Brisbane Bears(38), Brisbane Lions(210), Footscray(77) Jason Akermanis
34%
St Kilda(88), Sydney(162), Footscray(39) Barry Hall
29%
Richmond(43), Collingwood(97) Brian Taylor
28%
North Melbourne(120), Port Adelaide(55), Melbourne(29) Byron Pickett
19%
Essendon(40), Port Adelaide (37), West Coast(46), Collingwood(5) Scott Cummings
17%
Melbourne(48), Sydney(118), Collingwood(78) Darren Jolly
15%
Fitzroy(15), St Kilda(21), Essendon(8), Fremantle(135) Dale Kickett
14%
No matching quizzes found
Score Distribution
Percent of People with Each Score
Percentile by Number Answered
Your Score History
You have not taken this quiz